Champions League Quiz - Hard - Statistics

General Stats
  • This quiz has been taken 83 times
    20 since last reset
  • The average score is 8 of 20
Answer Stats
Question Answer % Correct
Who is the all time Champions League/European Cup Top Scorer? Cristiano Ronaldo
100%
How many times have Real Madrid won the Champions League/European Cup 15
88%
Which team has lost the most Champions League/European Cup Finals Juventus
71%
Which Champions League/European Cup final resulted in 10 goals being scored. The most on record for a final. Real Madrid vs Eintracht Frankfurt
65%
Which countries clubs were banned from going to the European Cup for 5 years after a disaster during a game resulting in 39 deaths. England
59%
Excluding Messi and Haaland who is the only person to score 5 goals in a Champions League game. Luiz Adriano
59%
Which of these teams has the best winning percentage in Champions League/European Cup finals Nottingham Forest
53%
What is the name of the now Serbian team that lost the 1966 European Cup Final to Real Madrid Partizan
47%
Which of these teams has never been to a Champions League/European Cup Final Sevilla
47%
How many goals were scored in the highest scoring Champions League group in history. 53
35%
What happened in the 1974 European Cup Final between Bayern Munich and Atletico Madrid that has only happened once in Champions League history The game was replayed.
35%
How many different teams have won the Champions League/European Cup 24
29%
Which team has conceded the most goals in Champions League History Real Madrid
29%
Which team drew all 6 of its group stage matches one Champions League Season AEK Athens
24%
Who has the most assists in Champions League History Cristiano Ronaldo
24%
Who scored a goal in every group stage match in one Champions League season excluding Cristiano Ronaldo Sebastian Haller
24%
How many Champions League/European Cup Finals Appearances have Spanish teams appeared in. 31
18%
Which of these players has won the Champions League in the same stadium multiple times. (Not Scott Carson) David Alaba
18%
How many different countries have been represented in the Champions League/European Cup history 34
12%
What is the score of highest scoring on aggregate two leg tie in European Cup/Champions League history. 18-0
6%
No matching quizzes found
Score Distribution
Percent of People with Each Score
Percentile by Number Answered
Your Score History
You have not taken this quiz since the last reset